[Event "Sokolsky mem"]
[Site "Minsk"]
[Date "1981.??.??"]
[Round "6"]
[White "Litvinov, V."]
[Black "Vetemaa, Juri"]
[Result "0-1"]
[WhiteElo "2365"]
[BlackElo "2285"]

1.c4 Nf6 2.Nc3 g6 3.d4 Bg7 4.Nf3 O-O 5.e4 d6 6.Be2 Nbd7 7.O-O e5 8.Re1 c6
9.Bf1 a5 10.d5 Nc5 11.Nd2 Bh6 12.Nb3 Bxc1 13.Nxc1 Bd7 14.Qd2 cxd5 15.cxd5 b5
16.f3 Qb6 17.Kh1 Rfc8 18.Nd3 Ra7 19.Nxc5 Rxc5 20.a4 b4 21.Nd1 Rac7 22.Ne3 b3
23.Qd3 Qb4 24.Qa6 Ne8 25.Bb5 Bxb5 26.axb5 Rxb5 27.Rf1 Rbc5 28.Rad1 a4 29.Qa8 Kf8
30.Ra1 Qd2 31.Rae1 Rc1 32.Nd1 R7c2 33.Rg1 Rxb2  0-1

[Event "Sokolsky mem"]
[Site "Minsk"]
[Date "1981.??.??"]
[Round "10"]
[White "Chekhov, Valery A"]
[Black "Kovalev, Andrei"]
[Result "1-0"]
[WhiteElo "2435"]
[BlackElo "2200"]

1.d4 Nf6 2.c4 g6 3.Nc3 Bg7 4.e4 d6 5.Be2 O-O 6.Nf3 e5 7.Be3 Nc6 8.d5 Ne7
9.Nd2 c5 10.g4 Ne8 11.h4 f5 12.f3 Kh8 13.Qc2 Bd7 14.O-O-O a6 15.a3 Rf7 16.b4 b6
17.g5 Bf8 18.Qb2 Ng7 19.Kc2 Nh5 20.Rhg1 Bg7 21.Rb1 Nc8 22.a4 Nf4 23.Bf1 Be8
24.a5 cxb4 25.Qxb4 bxa5 26.Qa3 Nh5 27.Ra1 a4 28.Nxa4 fxe4 29.fxe4 Rf4 30.c5 dxc5
31.Nxc5 Bf7 32.Qa5 Qe7 33.Qc3 Nd6 34.Rxa6 Rxa6 35.Bxa6 Rxh4 36.Rb1 h6 37.gxh6 Bf6
38.Rb8+ Kh7 39.Ne6 Bxe6 40.dxe6 Nf4 41.Rb6 Rh3 42.Qa3 Ng2 43.Qxd6 Nxe3+ 44.Kb2 Qxd6
45.Rxd6 Kxh6 46.Rd7 Kg5 47.Rf7 Rh2 48.Kc3 Rh3 49.Kb4 Nc2+ 50.Kc5 Nd4 51.e7 Rh8
52.Bb5 Rc8+ 53.Kb4 Rb8 54.e8=Q  1-0

[Event "Sokolsky mem"]
[Site "Minsk"]
[Date "1981.??.??"]
[Round "14"]
[White "Chekhov, Valery A"]
[Black "Dydyshko, Viacheslav"]
[Result "1/2-1/2"]
[WhiteElo "2435"]
[BlackElo "2445"]

1.d4 Nf6 2.c4 g6 3.Nc3 Bg7 4.e4 d6 5.Be2 O-O 6.Nf3 e5 7.Be3 Nbd7 8.O-O h6
9.dxe5 dxe5 10.Qc1 Ng4 11.Bd2 h5 12.Bg5 Bf6 13.Bd2 Bg7  1/2-1/2

[Event "Ramsgate op"]
[Site "Ramsgate"]
[Date "1981.??.??"]
[Round "?"]
[White "Law, Andrew P"]
[Black "Pytel, Krzysztof"]
[Result "1/2-1/2"]
[WhiteElo "2380"]
[BlackElo "2400"]

1.d4 Nf6 2.c4 d6 3.Nc3 Nbd7 4.e4 e5 5.Nf3 g6 6.Be2 Bg7 7.O-O O-O 8.Re1 c6
9.Bf1 exd4 10.Nxd4 Ng4 11.Qxg4 Bxd4 12.Be3 Nc5 13.Qf3 Be5 14.Rad1 Qe7 15.Bf4 Qf6
16.Bg3 Qxf3 17.gxf3 Ne6 18.Re3 Nf4 19.Ne2 g5  1/2-1/2

[Event "Riga"]
[Site "Riga"]
[Date "1981.??.??"]
[Round "15"]
[White "Gipslis, Aivars"]
[Black "Mortensen, Erling"]
[Result "1/2-1/2"]
[WhiteElo "2490"]
[BlackElo "2395"]

1.c4 e5 2.Nc3 Nf6 3.Nf3 d6 4.d4 Nbd7 5.e4 g6 6.Be2 Bg7 7.O-O O-O 8.Re1 c6
9.Bf1 a5 10.Rb1 Re8 11.d5 Qc7 12.h3 Rf8 13.b3 cxd5 14.Nb5 Qd8 15.cxd5 Nc5
16.Nd2 Ne8 17.Ba3 b6 18.Rc1 Bh6 19.Rc3 Kh8  1/2-1/2

[Event "Rostock"]
[Site "Rostock"]
[Date "1981.??.??"]
[Round "3"]
[White "Hesse, Peter"]
[Black "Pietrusiak, Bogdan"]
[Result "1/2-1/2"]
[WhiteElo "2370"]
[BlackElo "2245"]

1.d4 Nf6 2.Nf3 g6 3.c4 Bg7 4.Nc3 O-O 5.e4 d6 6.Be2 e5 7.O-O Nbd7 8.Re1 c6
9.Rb1 exd4 10.Nxd4 Re8 11.f3 d5 12.cxd5 cxd5 13.Ncb5 dxe4 14.Nd6 Re7 15.Bg5 Nc5
16.N4b5 exf3 17.Bxf3 Rxe1+ 18.Qxe1 Ne6 19.Be3 a6 20.Nxc8 axb5 21.Nb6 Rxa2
22.Rc1 Qd3 23.Rc3 Qf5 24.Rc8+ Nf8 25.Bd4 Nd7 26.Bxg7 Kxg7 27.Nxd7 Nxd7 28.Rc7 Ne5
29.Be4 Qf6 30.Rc2 Qb6+ 31.Kh1 Qd4 32.Bxb7 Rxb2 33.Rxb2 Qxb2 34.Bd5 b4 35.h3 Nd3
36.Qe7 Qa1+ 37.Kh2 Qe5+ 38.Qxe5+ Nxe5 39.Kg3 Nd7 40.Kf4 Kf6 41.Ke4 b3 42.Kd3 Ke7
43.Kc3 f5 44.Bxb3 Kd6 45.Kd4 h6 46.Ke3 Ke5 47.Bf7 g5 48.Be8 Nf6 49.Bc6 h5
50.Bb7 Ne4 51.Bc6 Nd6 52.Bd7 h4 53.Kf3 Ne4 54.Ke3 Nf6 55.Bc8 g4 56.hxg4 fxg4
57.Bb7 Ng8 58.Bc8 Nh6 59.g3 h3 60.Kf2 Nf5 61.Kg1 Kf6 62.Kh2 Kg5 63.Ba6 Nd4
64.Kg1 Nf3+ 65.Kf2 Kf6 66.Bc8 Ne5 67.Kg1 Kg5 68.Kf2  1/2-1/2

[Event "Rostock"]
[Site "Rostock"]
[Date "1981.??.??"]
[Round "8"]
[White "Malich, Burkhard"]
[Black "Pietrusiak, Bogdan"]
[Result "1-0"]
[WhiteElo "2450"]
[BlackElo "2245"]

1.Nf3 Nf6 2.c4 g6 3.Nc3 Bg7 4.e4 d6 5.d4 O-O 6.Be2 e5 7.d5 h6 8.O-O Nh7 9.Ne1 Nd7
10.Nd3 f5 11.Bd2 Ndf6 12.f3 f4 13.c5 Rf7 14.Rc1 Bf8 15.Nb5 g5 16.cxd6 cxd6
17.Nf2 h5 18.Qc2 g4 19.Nc7 Rb8 20.Ne6 Qb6 21.Qb3 Qxb3 22.axb3 Bxe6 23.dxe6 Rg7
24.Kh1 Ng5 25.Rfd1 Kh8 26.Bb4 Rd8 27.Nd3 gxf3 28.gxf3 Nh3 29.Rf1 Re8 30.Nf2 Ng5
31.Rfd1 Nxe6 32.Bxd6 Bxd6 33.Rxd6 Nd4 34.Re1 Rc8 35.Rxf6 Nxe2 36.Rh6+ Kg8
37.Nd3 Rc2 38.Nxe5 Rxb2 39.Rxh5 Rxb3 40.Rd1 Nd4 41.h4 Ne6 42.Rh6 Nf8 43.Rf6 Rb2
44.Ng4 Rh7 45.Rd8 Rxh4+ 46.Kg1 Rb1+ 47.Kg2  1-0

[Event "BUL-ch"]
[Site "Sofia"]
[Date "1981.??.??"]
[Round "1"]
[White "Spassov, Liuben"]
[Black "Donchev, Dimitar I"]
[Result "0-1"]
[WhiteElo "2460"]
[BlackElo "2425"]

1.Nf3 Nf6 2.c4 g6 3.Nc3 Bg7 4.e4 d6 5.d4 O-O 6.Be2 e5 7.Be3 Ng4 8.Bg5 f6
9.Bh4 Nc6 10.d5 Ne7 11.Nd2 Nh6 12.f3 c5 13.Rb1 Nf7 14.O-O f5 15.b4 b6 16.bxc5 dxc5
17.a4 g5 18.Bf2 f4 19.a5 Bd7 20.Qb3 Rb8 21.axb6 axb6 22.Rb2 Nd6 23.Rfb1 Qc7
24.Ra1 Rb7 25.Ra6 Rfb8 26.Ndb1 Nec8 27.Na3 Qd8 28.Nab5 h5 29.h3 Bf6 30.Rba2 g4
31.Nxd6 Nxd6 32.fxg4 hxg4 33.hxg4 Bh4 34.Bxh4 Qxh4 35.Qd1 Qg3 36.R2a3 Qe3+
37.Kf1 f3 38.gxf3 Bxg4 39.Nb5 Qf4 40.Nxd6 Rh7 41.Ra8 Rh1+ 42.Kf2 Rh2+ 43.Ke1 Rxa8
44.Rxa8+ Kh7 45.Ra7+ Kg6 46.Nf5 Rh1+ 47.Bf1 Bh3 48.Rg7+ Kf6 49.Ng3 Qe3+ 50.Qe2 Qc1+
51.Qd1 Qe3+ 52.Qe2 Qc3+ 53.Qd2 Qxd2+ 54.Kxd2 Rh2+ 55.Ke3 Kxg7 56.Bxh3 Rxh3
57.Nf5+ Kf6 58.Nd6 Rh1 59.Nb5 Kg5 60.Nc7 Rc1 61.Ne6+ Kf6 62.Kd3 Ra1 63.Nf8 Ra7
64.Ke3 Ra3+ 65.Kd2 Ke7 66.Ng6+ Kf6 67.Nf8 Ke7 68.Ng6+ Kd6 69.f4 exf4 70.e5+ Kd7
71.Nxf4 Ra4 72.Kd3 b5 73.Ne6 Rxc4 74.Nf8+ Ke7 75.Ne6 Kd7 76.Kd2 b4 77.Kd3 Rc3+
78.Kd2 Ke7 79.Nc7 Rc4 80.Kd3 Rh4 81.d6+ Kd7 82.Na6 Kc6 83.Kc2 Rh2+ 84.Kb3 Rh3+
85.Kb2 Rh2+ 86.Kb3 Rd2 87.Kc4 Rd4+ 88.Kb3 Rd5 89.Nb8+ Kb5 90.d7 Rd2  0-1

[Event "Tallinn"]
[Site "Tallinn"]
[Date "1981.??.??"]
[Round "3"]
[White "Ftacnik, Lubomir"]
[Black "Vogt, Lothar"]
[Result "1/2-1/2"]
[WhiteElo "2520"]
[BlackElo "2455"]

1.d4 Nf6 2.Nf3 g6 3.c4 Bg7 4.Nc3 O-O 5.e4 d6 6.Be2 e5 7.O-O Nbd7 8.Re1 c6
9.Bf1 exd4 10.Nxd4 Ng4 11.h3 Qb6 12.hxg4 Qxd4 13.g5 Qe5 14.Be3 f6 15.Qd2 fxg5
16.Rad1 g4 17.Bd4 Qxd4 18.Qxd4 Bxd4 19.Rxd4 Ne5 20.Rxd6 Bd7 21.Na4 b6 22.b3 Kf7
23.c5 Ke7 24.Red1 b5 25.Nb2 Rfd8 26.Nd3 Nf7 27.e5 Rac8 28.f4 gxf3 29.gxf3 Bf5
30.f4 g5 31.Rf6 Bxd3 32.Rxd3 Rxd3 33.Bxd3 gxf4 34.Bf5 Rg8+ 35.Kf1 Rg5  1/2-1/2

[Event "Tallinn"]
[Site "Tallinn"]
[Date "1981.??.??"]
[Round "11"]
[White "Petursson, Margeir"]
[Black "Djuric, Stefan"]
[Result "1-0"]
[WhiteElo "2445"]
[BlackElo "2435"]

1.d4 Nf6 2.c4 g6 3.Nc3 Bg7 4.e4 d6 5.Be2 O-O 6.Nf3 e5 7.dxe5 dxe5 8.Qxd8 Rxd8
9.Bg5 Na6 10.Nd5 Rd6 11.Bxf6 Bxf6 12.O-O-O Bg4 13.Nxf6+ Rxf6 14.Rd2 Bxf3
15.Bxf3 Nb4 16.Rd7 Rc6 17.a3 Rxc4+ 18.Kb1 Na6 19.Rhd1 Re8 20.R1d5 Kg7 21.b3 Rc6
22.Be2 Ree6 23.Bc4 Nb8 24.Rd8 Na6 25.R5d7 Rf6 26.f3 Nc5 27.Re7 Rcd6 28.Rxd6 cxd6
29.b4 Kf8 30.Rc7 Ne6 31.Rxb7 Nf4 32.Bf1 d5 33.exd5 Nxd5 34.Rxa7 Ne3 35.Bd3 Rd6
36.Be4 f5 37.Bc2 Nxg2 38.b5 Ne3 39.a4 e4 40.fxe4 f4 41.Bb3 Rd3 42.Kb2 f3
43.Rf7+ Ke8 44.Rxf3 Nc4+ 45.Bxc4 Rxf3 46.b6 Kd7 47.Bd5 Kc8 48.a5  1-0

[Event "Tirnava"]
[Site "Trnava"]
[Date "1981.??.??"]
[Round "7"]
[White "Portisch, Ferenc"]
[Black "Heinig, Wolfram"]
[Result "1-0"]
[WhiteElo "2425"]
[BlackElo "2365"]

1.d4 Nf6 2.c4 d6 3.Nc3 Nbd7 4.e4 e5 5.Nf3 g6 6.Be2 Bg7 7.O-O O-O 8.Re1 c6
9.Bf1 exd4 10.Nxd4 Ng4 11.h3 Qb6 12.hxg4 Qxd4 13.Qxd4 Bxd4 14.Bh6 Re8 15.Rad1 Be5
16.f3 Nc5 17.Be3 a5 18.Rd2 a4 19.Nb1 Ne6 20.Kf2 c5 21.Na3 Bd7 22.g5 f6 23.gxf6 Rf8
24.Nb5 Bxb5 25.cxb5 Rxf6 26.Bc4 Kg7 27.Rh1 Bd4 28.Bxe6 Bxe3+ 29.Kxe3 Rxe6
30.Kd3 a3 31.b3 h5 32.Kc4 Kf6 33.Rd5 Ke7 34.Rhd1 b6 35.Rg5 Kf6 36.Rgd5 Ke7
37.Rg1 Rf8 38.Rc1 Rf4 39.Rh1 Rf8 40.Rh3 Ra8 41.Rg5 Ra5 42.Rh1 Kf6 43.Rd5 Ra8
44.Re1 Rf8 45.b4 Ke7 46.Re3 Ra8 47.e5 cxb4 48.Kxb4 dxe5 49.Rdxe5 Rxe5 50.Rxe5+ Kf6
51.Re3 Rc8 52.Rxa3 Rc2 53.Ra6 Kf5 54.g4+ hxg4 55.fxg4+ Kg5 56.a4 Rg2 57.Rxb6 Rxg4+
58.Ka5 Kf5 59.Rc6  1-0

[Event "Tirnava"]
[Site "Trnava"]
[Date "1981.??.??"]
[Round "12"]
[White "Cvetkovic, Srdjan"]
[Black "Knaak, Rainer"]
[Result "0-1"]
[WhiteElo "2410"]
[BlackElo "2495"]

1.c4 g6 2.e4 Bg7 3.d4 d6 4.Nc3 Nd7 5.Nf3 e5 6.Be2 Ngf6 7.O-O O-O 8.Re1 c6
9.Bf1 exd4 10.Nxd4 Ng4 11.h3 Qb6 12.hxg4 Qxd4 13.Be3 Qe5 14.Qd2 Qe7 15.g5 Ne5
16.Rad1 Be6 17.b3 Rad8 18.f4 Ng4 19.Bd4 f6 20.Be2 Bc8 21.f5 Ne5 22.Bxa7 fxg5
23.Bb6 Rd7 24.fxg6 g4 25.gxh7+ Kxh7 26.Rf1 Bh6 27.Be3 Qh4 28.Rxf8 g3 29.Rf5 Qh2+
30.Kf1 Qh1+ 31.Bg1 Bxd2 32.Rxd2 Rf7 33.Rxf7+ Nxf7 34.Rd3 Qh4 35.c5 dxc5 36.Bxc5 Ne5
37.Rd1 Nd7 38.Rxd7+ Bxd7 39.Bf3 Qf6 40.Nd1 Qa1 41.a3 Be6 42.b4 Qxa3 43.Ke1 b6
44.Bd6 Bc4 45.e5 Qd3 46.Bc7 Qd4 47.e6 Bxe6 48.Bxg3 Qxb4+ 49.Ke2 Bd5 50.Bxd5 Qb5+
51.Kf2 Qxd5 52.Ne3 Qe4 53.Bd6 b5  0-1

[Event "Tuzla"]
[Site "Tuzla"]
[Date "1981.??.??"]
[Round "4"]
[White "Robatsch, Karl"]
[Black "Nurkic, Sahbaz"]
[Result "1/2-1/2"]
[WhiteElo "2425"]
[BlackElo "2200"]

1.c4 Nf6 2.Nc3 g6 3.e4 d6 4.d4 Bg7 5.Nf3 O-O 6.Be2 e5 7.Be3 Nc6 8.d5 Ne7
9.Nd2 Nd7 10.O-O f5 11.f3 f4 12.Bf2 g5 13.b4 h5 14.c5 Nf6 15.Rc1 Ne8 16.a4 Rf7
17.Nb5 a6 18.cxd6 axb5 19.dxe7 Qxe7 20.Bxb5 g4 21.Bxe8 Qxe8 22.b5 Bf8 23.Bh4 Rg7
24.Kh1 g3 25.Re1 gxh2 26.Nf1 Bd6 27.Re2 b6 28.Ra2 Bd7 29.Rcc2 Qg6 30.Qe2 Kh7
31.Kxh2 Qf7 32.Qe1 Rag8 33.Rcb2 Bc8 34.Kh1 Bc5 35.a5 bxa5 36.Rxa5 Bd4 37.Rc2 Bb6
38.Raa2 Qd7 39.Nh2 Qxb5 40.Bf6 Bd4  1/2-1/2

[Event "Vrsac"]
[Site "Vrsac"]
[Date "1981.??.??"]
[Round "1"]
[White "Smejkal, Jan"]
[Black "Sax, Gyula"]
[Result "1/2-1/2"]
[WhiteElo "2540"]
[BlackElo "2550"]

1.Nf3 Nf6 2.c4 g6 3.Nc3 Bg7 4.e4 d6 5.d4 O-O 6.Be2 e5 7.Bg5 h6 8.Bh4 g5 9.dxe5 gxh4
10.exf6 Qxf6 11.Qd2 Be6 12.Rd1 Nd7 13.Qe3 Nb6 14.c5 dxc5 15.Qxc5 Rfe8 16.O-O c6
17.Nd4 Qg5 18.Qxg5 hxg5 19.f4 Bxa2  1/2-1/2

[Event "Yerevan"]
[Site "Yerevan"]
[Date "1981.??.??"]
[Round "7"]
[White "Itkis, Boris"]
[Black "Dementiev, Oleg I"]
[Result "1/2-1/2"]
[WhiteElo "2275"]
[BlackElo "2490"]

1.d4 Nf6 2.c4 g6 3.Nc3 Bg7 4.e4 d6 5.Nf3 O-O 6.Be2 e5 7.Bg5 h6 8.Bh4 Nbd7
9.d5 a5 10.O-O Nc5 11.Nd2 Qd7 12.b3 Nh7 13.a3 h5 14.f3 Bh6 15.Rb1 f5 16.Bf2 Nf6
17.Qc2 Qg7 18.b4 axb4 19.axb4 fxe4 20.bxc5 e3 21.Be1 exd2 22.Bxd2 dxc5 23.Bxh6 Qxh6
24.Bd3 Kg7 25.Rfe1 Qf4 26.Ne4 Ra3 27.Rbd1 b6 28.Qb2 Ra4 29.Nxf6 Qxf6 30.Rxe5 Rf7
31.Rde1 h4 32.Bxg6 Rb4 33.Qc3 Kxg6 34.Re6 Bxe6 35.Rxe6 Kg7 36.Rxf6 Rxf6 37.Kf2 Kf7
38.Ke3 c6 39.Qd3 cxd5 40.Qxd5+ Ke7 41.f4 Rd6 42.Qg5+ Kd7 43.Qf5+ Kc7 44.Qe5 Rxc4
45.f5 Kd7 46.Qg7+ Kc6 47.f6 Rdd4 48.g3 hxg3 49.hxg3 Rc3+ 50.Ke2 Rc2+ 51.Kf3 Rc3+
52.Ke2 Rc2+ 53.Kf3  1/2-1/2

[Event "Yerevan"]
[Site "Yerevan"]
[Date "1981.??.??"]
[Round "14"]
[White "Gofshtein, Leonid D"]
[Black "Itkis, Boris"]
[Result "1/2-1/2"]
[WhiteElo "2415"]
[BlackElo "2275"]

1.d4 d6 2.c4 Nf6 3.Nf3 g6 4.Nc3 Bg7 5.e4 O-O 6.Be2 e5 7.Be3 c6 8.O-O Nbd7
9.Qc2 exd4 10.Bxd4 Re8 11.Rad1 Qe7 12.Rfe1 c5 13.Be3 Nxe4 14.Nb5 Ndf6 15.Bf4 Nh5
16.Bxd6 Nxd6 17.Nxd6 Rd8 18.Nxc8 Raxc8 19.Bd3 Qc7 20.g3 Rd7 21.Bf1 Rcd8 22.b3 Nf6
23.Bg2 b6 24.h3 Bh6 25.Rxd7 Qxd7 26.Ne5  1/2-1/2

[Event "DDR-POL"]
[Site "Zinnowitz"]
[Date "1981.??.??"]
[Round "?"]
[White "Kuligowski, Adam"]
[Black "Vogt, Lothar"]
[Result "1/2-1/2"]
[WhiteElo "2405"]
[BlackElo "2450"]

1.d4 Nf6 2.c4 d6 3.Nc3 Nbd7 4.e4 e5 5.Nf3 g6 6.Be2 Bg7 7.O-O O-O 8.Be3 Ng4
9.Bg5 f6 10.Bd2 c6 11.b4 f5 12.Bg5 Bf6 13.Bxf6 Qxf6 14.d5 c5 15.a3 a6 16.Rb1 Nh6
17.Nd2 f4 18.Na4 b6 19.Nb2 g5 20.Nd3 Qg6 21.f3 Nf6 22.h3 Nf7 23.Nf2 h5 24.bxc5 bxc5
25.Rb6 Bd7 26.Re1 Rfb8 27.Rxb8+ Rxb8 28.Nf1 g4 29.hxg4 hxg4 30.fxg4 Kg7 31.Bf3 Qg5
32.Nh2 Rh8 33.Qe2 Qh4 34.Nf1 Nh6 35.Nh2 Rb8 36.Rd1 Kf7 37.Rd2 Rb3 38.Rd3 Rb1+
39.Rd1 Rb8 40.Rd2 Rb3 41.Rd3 Rb8  1/2-1/2

[Event "FRG-ch"]
[Site "Bad Neuenahr"]
[Date "1982.??.??"]
[Round "?"]
[White "Ostermeyer, Peter"]
[Black "Backwinkel, Paul"]
[Result "1/2-1/2"]
[WhiteElo "2410"]
[BlackElo "2305"]

1.d4 Nf6 2.c4 d6 3.Nc3 Nbd7 4.e4 e5 5.Nf3 g6 6.Be2 Bg7 7.O-O O-O 8.Re1 c6
9.Bf1 a5 10.h3 exd4 11.Nxd4 Nc5  1/2-1/2

[Event "Baile Herculane zt"]
[Site "Baile Herculane"]
[Date "1982.??.??"]
[Round "1"]
[White "Farago, Ivan"]
[Black "Ciocaltea, Victor"]
[Result "1/2-1/2"]
[WhiteElo "2485"]
[BlackElo "2460"]

1.d4 g6 2.c4 Bg7 3.Nc3 d6 4.e4 Nd7 5.Be2 e5 6.Nf3 Ngf6 7.O-O O-O 8.Re1 c6
9.Bf1 exd4 10.Nxd4 Ng4 11.h3 Qb6 12.hxg4 Qxd4 13.Be3 Qxd1 14.Raxd1 Ne5 15.g5 Be6
16.c5 dxc5 17.Bxc5 Rfe8 18.f4 Nd7 19.Bd4 h6 20.Bxg7 Kxg7 21.gxh6+ Kxh6 22.Rd6 Nb6
23.Red1 Kg7 24.Be2 f6  1/2-1/2

[Event "Baile Herculane zt"]
[Site "Baile Herculane"]
[Date "1982.??.??"]
[Round "9"]
[White "Spiridonov, Nikola"]
[Black "Schmidt, Wlodzimierz"]
[Result "1/2-1/2"]
[WhiteElo "2440"]
[BlackElo "2485"]

1.Nf3 g6 2.c4 Bg7 3.e4 d6 4.d4 Nf6 5.Nc3 O-O 6.Be2 e5 7.Be3 Ng4 8.Bg5 f6
9.Bh4 Nc6 10.d5 Ne7 11.Nd2 Nh6 12.f3 c5 13.a3 Nf7 14.b4 b6 15.Rb1 Bd7 16.Bd3 Nc8
17.Bc2 Bh6 18.Qe2 Kg7 19.Ba4 Bxa4 20.Nxa4 Qd7 21.Nc3 f5 22.O-O Bxd2 23.Qxd2 f4
24.Be1 g5 25.Qd1  1/2-1/2

[Event "DSV-Turnier"]
[Site "Berlin-Ost"]
[Date "1982.??.??"]
[Round "7"]
[White "Ghitescu, Theodor"]
[Black "Knaak, Rainer"]
[Result "1-0"]
[WhiteElo "2425"]
[BlackElo "2505"]

1.d4 Nf6 2.c4 d6 3.Nc3 Nbd7 4.Nf3 g6 5.e4 e5 6.Be2 Bg7 7.O-O O-O 8.Be3 c6
9.h3 exd4 10.Bxd4 Re8 11.Re1 c5 12.Bxf6 Qxf6 13.Qd2 Nb6 14.Rac1 Bd7 15.b3 Rad8
16.a4 Bc6 17.Bd3 Nd7 18.Nd5 Bxd5 19.exd5 b6 20.Re2 Rxe2 21.Qxe2 Bh6 22.Re1 Bf4
23.g3 Be5 24.Kg2 Bc3 25.Rc1 Kf8 26.h4 h6 27.Qc2 Bd4 28.Re1 Re8 29.Rxe8+ Kxe8
30.Qe2+ Kd8 31.Qe4 Bb2 32.Bc2 Bc1 33.h5 gxh5 34.Nh4 Ne5 35.Bd1 Bb2 36.Bxh5 Bd4
37.f4 Nd7 38.Qh7 Be3 39.Qxf7 Qb2+ 40.Kh3 Qc1 41.Bf3 Qf1+ 42.Bg2 Qd3 43.Nf5 Bxf4
44.Qg8+ Kc7 45.Ne7 Nf8 46.Qg4  1-0

[Event "DSV-Turnier"]
[Site "Berlin-Ost"]
[Date "1982.??.??"]
[Round "7"]
[White "Lukacs, Peter"]
[Black "Vogt, Lothar"]
[Result "1-0"]
[WhiteElo "2485"]
[BlackElo "2490"]

1.d4 Nf6 2.c4 d6 3.Nc3 Nbd7 4.e4 e5 5.Nf3 g6 6.Be2 Bg7 7.O-O O-O 8.Re1 c6
9.Bf1 exd4 10.Nxd4 Ng4 11.Qxg4 Bxd4 12.Be3 Nf6 13.Qh4 Bxe3 14.Rxe3 Ng4 15.Qxd8 Rxd8
16.Rd3 Be6 17.b3 Kf8 18.Rad1 Ke7 19.f4 f5 20.h3 Nf6 21.exf5 gxf5 22.Re1 Kf7
23.Rde3 Re8 24.Bd3 Bd7 25.Kf2 Rxe3 26.Rxe3 Re8 27.Rxe8 Nxe8 28.Nd1 Kf6 29.Ne3 h6
30.g4 Ng7 31.Kg3 fxg4 32.hxg4 Be8 33.Bf5 b6 34.Be4 Bd7 35.Nc2 a5 36.Nd4 c5
37.Ne2 b5 38.Nc3 bxc4 39.bxc4 Be6 40.Bd5 Bxd5 41.Nxd5+ Ke6 42.Kh4 Kf7 43.f5 Kf8
44.a4 Kf7 45.f6 Ne6 46.Kh5 Nd4 47.Kxh6 Nc6 48.g5 Ne5 49.Ne7 Ke6 50.Kg7  1-0

[Event "DSV-Turnier"]
[Site "Berlin-Ost"]
[Date "1982.??.??"]
[Round "9"]
[White "Ghitescu, Theodor"]
[Black "Casper, Thomas"]
[Result "0-1"]
[WhiteElo "2425"]
[BlackElo "2355"]

1.d4 Nf6 2.c4 d6 3.Nf3 g6 4.Nc3 Nbd7 5.e4 e5 6.Be2 Bg7 7.O-O O-O 8.Re1 c6
9.Bf1 exd4 10.Nxd4 Ng4 11.h3 Qb6 12.hxg4 Qxd4 13.Bf4 Qxd1 14.Raxd1 Ne5 15.Rxd6 Bxg4
16.c5 Rfe8 17.Be3 Bf8 18.Rd2 Rad8 19.Rxd8 Rxd8 20.b4 Bg7 21.Rb1 Be6 22.Bg5 Rd7
23.b5 h6 24.Bf4 g5 25.Bg3 Rd2 26.bxc6 bxc6 27.Nd1 Nd7 28.Bd6 Bxa2 29.Rc1 a5
30.Ne3 Bb2 31.Re1 Bd4 32.Rc1 a4 33.Nf5 Bb2 34.Re1 a3 35.Ne7+ Kh7 36.Nxc6 Be6
37.Nb4 Bc3 38.Nd5 Bxd5 39.exd5 Rxd5 40.Rc1 Bb2  0-1

[Event "Brighton"]
[Site "Brighton"]
[Date "1982.??.??"]
[Round "?"]
[White "Gurevich, Dmitry"]
[Black "Murray, J."]
[Result "1/2-1/2"]
[WhiteElo "2470"]
[BlackElo "2475"]

1.d4 Nf6 2.c4 g6 3.Nc3 Bg7 4.e4 d6 5.Nf3 O-O 6.Be2 e5 7.dxe5 dxe5 8.Qxd8 Rxd8
9.Bg5 Na6 10.Nd5 Rd6 11.Nxf6+ Bxf6 12.Bxf6 Rxf6 13.Nxe5 Re6 14.f4 Re8 15.O-O-O f6
16.Nd7 Bxd7 17.Rxd7 Rac8 18.Bf3 Nc5 19.Rdd1 Re7 20.e5 fxe5 21.b4 Ne6 22.fxe5 c5
23.b5 Nd4 24.Bd5+ Kg7 25.Rhf1 b6 26.Rde1 Rd8 27.a4 h5 28.Rf6 Nf5 29.Kb2 Rf8
30.Rxf8 Kxf8 31.a5 Kg7 32.e6 Kf6 33.axb6 axb6 34.Ra1 Ke5 35.Ra6 Ne3 36.Rxb6 Nxd5
37.cxd5 Kxd5 38.Kb3 h4 39.Rc6 g5 40.Ka4 Ra7+ 41.Ra6 Rb7 42.Ka5 Re7 43.Rc6 h3
44.gxh3 Re8 45.Kb6 c4 46.Rc5+ Kd4 47.Rxg5 Rxe6+ 48.Kc7 c3 49.b6 c2 50.Rg1 Re3
51.Rc1 Rc3+ 52.Kd6 Kd3 53.h4 Rb3 54.Kc5 Kd2 55.Rg1 Re3 56.Kd6 Rd3+ 57.Kc7 Rc3+
58.Kb8 Re3 59.b7 Re1 60.Rxe1 Kxe1 61.Ka8 c1=Q 62.b8=Q Qa3+ 63.Qa7 Qf8+ 64.Kb7 Qe7+
65.Ka6 Qa3+ 66.Kb6 Qe3+ 67.Kb7 Qe7+ 68.Ka8 Qf8+ 69.Qb8 Qa3+ 70.Kb7 Qb4+ 71.Kc7 Qf4+  1/2-1/2

[Event "HUN-ch"]
[Site "Budapest"]
[Date "1982.??.??"]
[Round "?"]
[White "Rajna, George"]
[Black "Karsa, Laszlo"]
[Result "1/2-1/2"]
[WhiteElo "2390"]
[BlackElo "2385"]

1.d4 Nf6 2.Nf3 g6 3.c4 Bg7 4.Nc3 O-O 5.e4 d6 6.Be2 e5 7.Be3 Nbd7 8.h3 exd4
9.Nxd4 Re8 10.Qc2 Nc5 11.f3 Nh5 12.g4 Nf4 13.Bxf4 Qh4+ 14.Kd1 Bxd4 15.Qd2 Ne6
16.Be3 Bxe3 17.Qxe3 Qf6 18.Rc1 Bd7  1/2-1/2

[Event "HUN-ch"]
[Site "Budapest"]
[Date "1982.??.??"]
[Round "?"]
[White "Szabolcsi, Janos"]
[Black "Barczay, Laszlo"]
[Result "0-1"]
[WhiteElo "2245"]
[BlackElo "2445"]

1.d4 g6 2.c4 Bg7 3.Nc3 d6 4.Nf3 Nf6 5.e4 O-O 6.Be2 e5 7.dxe5 dxe5 8.Qxd8 Rxd8
9.Bg5 Na6 10.Nxe5 Re8 11.O-O-O Nc5 12.Bxf6 Bxf6 13.f4 c6 14.Rd6 Bxe5 15.fxe5 a5
16.Rhd1 Kf8 17.Rd8 Be6 18.Rxa8 Rxa8 19.b3 Ke7 20.Kd2 Nd7 21.Nd5+ cxd5 22.exd5 Bxd5
23.cxd5 Nxe5 24.Ke3 Kd6 25.Kd4 Rc8 26.Bc4 b5 27.Bxb5 Rc2 28.Bf1 Rxa2 29.h3 Rc2
30.Ra1 Rd2+ 31.Kc3 Rxd5 32.Bc4 Nxc4 33.bxc4 Rg5 34.Ra2 h5 35.Kd4 h4 36.Rb2 Kc6
37.Ra2 Rf5 38.Ke4 Kb6 39.Kd4 Rg5 40.Rb2+ Kc6 41.Ra2 Kd6 42.Ke4 Re5+ 43.Kd4 f5
44.Rb2 Re4+ 45.Kd3 g5 46.Rb6+ Ke5 47.Rb5+ Kf4 48.Rxa5 Re3+ 49.Kd4 Re2 50.c5 Rxg2
51.Ra4 Re2 52.Kd3+ Re4 53.Ra1 Re7 54.Rf1+ Ke5 55.c6 Ra7 56.Ke3 f4+ 57.Kf3 Ra3+
58.Kg4 Rg3+ 59.Kh5 Kd6 60.Rc1 Kc7 61.Kg6 f3 62.Kf5 f2 63.Rf1 Rg2 64.Ke4 Kxc6
65.Kf3 Rh2 66.Kg4 Kd5 67.Kxg5 Ke4 68.Kg4 Ke3 69.Ra1 Rg2+ 70.Kxh4 Rg1 71.Ra3+ Kd4
72.Ra4+ Kc5 73.Ra5+ Kb6 74.Rf5 f1=Q  0-1

[Event "HUN-ch"]
[Site "Budapest"]
[Date "1982.??.??"]
[Round "?"]
[White "Lovass, Imre"]
[Black "Karsa, Laszlo"]
[Result "1/2-1/2"]
[WhiteElo "2310"]
[BlackElo "2385"]

1.d4 Nf6 2.c4 g6 3.Nc3 Bg7 4.e4 d6 5.Nf3 O-O 6.Be2 e5 7.d5 a5 8.Bg5 h6 9.Bh4 Na6
10.Nd2 Qe8 11.Rb1 Bd7 12.b3 Nh7 13.g4 Ng5 14.h3 Nc5 15.f3 f5 16.Bf2 fxg4
17.fxg4 Rf4 18.Qc2 Qf7 19.Be3 Rf8 20.a3 Nf3+ 21.Nxf3 Rxf3 22.Qd2 Bf6 23.Bxf3 Bh4+
24.Kd1 Qxf3+ 25.Kc2 Nxe4 26.Nxe4 Qxe4+ 27.Qd3 Qg2+ 28.Qd2 Qe4+ 29.Qd3 Qg2+
30.Qd2  1/2-1/2

[Event "HUN-ch"]
[Site "Budapest"]
[Date "1982.??.??"]
[Round "?"]
[White "Sinkovics, Peter"]
[Black "Rajna, George"]
[Result "1-0"]
[WhiteElo "2270"]
[BlackElo "2390"]

1.d4 Nf6 2.c4 g6 3.Nc3 Bg7 4.e4 d6 5.Be2 O-O 6.Nf3 Nbd7 7.O-O e5 8.Be3 Ng4
9.Bg5 f6 10.Bc1 Nh6 11.Rb1 a5 12.a3 exd4 13.Nxd4 Nc5 14.b4 axb4 15.axb4 Ne6
16.Be3 f5 17.exf5 Nxf5 18.Nxf5 gxf5 19.Nb5 f4 20.Bc1 Be5 21.Bb2 c6 22.Bxe5 dxe5
23.Nd6 Nd4 24.c5 Qg5 25.Bc4+ Kg7 26.f3 Ra3 27.Bd3 Rg8 28.Rb2 Be6 29.Kh1 Bd5
30.b5 cxb5 31.Nxb5 Nxb5 32.Bxb5 Rd8 33.Rd2 e4 34.fxe4 Bxe4 35.Rd7+ Kh6 36.Qd6+ Kh5
37.Be2+ f3 38.gxf3 Ra2 39.fxe4+ Rxe2 40.Rxh7+ Kg4 41.Qg3+  1-0

[Event "HUN-ch"]
[Site "Budapest"]
[Date "1982.??.??"]
[Round "?"]
[White "Lukacs, Peter"]
[Black "Sinkovics, Peter"]
[Result "1-0"]
[WhiteElo "2470"]
[BlackElo "2270"]

1.d4 Nf6 2.c4 g6 3.Nc3 Bg7 4.e4 d6 5.Be2 O-O 6.Nf3 e5 7.O-O Nbd7 8.Re1 c6
9.Bf1 exd4 10.Nxd4 Ng4 11.Qxg4 Bxd4 12.Be3 Bxe3 13.Rxe3 Ne5 14.Qg3 Be6 15.c5 b6
16.cxd6 Qxd6 17.Rd1 Qb8 18.f4 Ng4 19.Rf3 f5 20.e5 b5 21.h3 Nh6 22.Qf2 Nf7
23.Qc5 Qb6 24.Qxb6 axb6 25.a3 Rfd8 26.Rfd3 Kf8 27.Rxd8+ Rxd8 28.Rxd8+ Nxd8
29.Be2 Ke7 30.Kf2 Bb3 31.Ke3 Ne6 32.g4 Ng7 33.Bd3 fxg4 34.hxg4 Be6 35.g5 Nf5+
36.Bxf5 gxf5 37.b4 Kf7 38.a4 bxa4 39.Nxa4 c5 40.bxc5 bxc5 41.Nxc5 Ba2 42.Kd4 Ke7
43.Nb7 Bb1 44.Nd6 Bc2 45.Nb5 Bb3 46.Nc7 Ba4 47.Kc5 Bb3 48.Nd5+ Kd7 49.Nf6+ Ke7
50.Nxh7 Bf7 51.Nf6 Ke6 52.Nd5 Bh5 53.Nc7+ Ke7 54.Nb5 Bg6 55.Nd4  1-0

[Event "Budapest"]
[Site "Budapest"]
[Date "1982.??.??"]
[Round "2"]
[White "Rajna, George"]
[Black "Uhlmann, Wolfgang"]
[Result "0-1"]
[WhiteElo "2390"]
[BlackElo "2515"]

1.d4 Nf6 2.c4 g6 3.Nc3 Bg7 4.e4 d6 5.Nf3 O-O 6.Be2 e5 7.Be3 Ng4 8.Bg5 f6
9.Bh4 Nc6 10.d5 Ne7 11.Nd2 f5 12.Bxg4 fxg4 13.Qe2 h6 14.Bxe7 Qxe7 15.O-O-O Bd7
16.h3 gxh3 17.g4 Qh4 18.f3 h5 19.gxh5 Qxh5 20.Rdg1 Bh6 21.Nb5 Rxf3 22.Kb1 Bxd2
23.Qxd2 Bxb5 24.cxb5 Raf8 25.a3 Rf2 26.Qc3 h2 27.Re1 Qf3 28.Qxc7 Qd3+ 29.Ka1 Rxb2
30.Qxd6 Ra2+  0-1

[Event "Budapest"]
[Site "Budapest"]
[Date "1982.??.??"]
[Round "2"]
[White "Taimanov, Mark E"]
[Black "Szekely, Peter"]
[Result "1/2-1/2"]
[WhiteElo "2510"]
[BlackElo "2430"]

1.d4 Nf6 2.c4 g6 3.Nc3 Bg7 4.e4 d6 5.Nf3 O-O 6.Be2 e5 7.O-O Nbd7 8.Re1 c6
9.Bf1 exd4 10.Nxd4 Ng4 11.Qxg4 Bxd4 12.Qd1 Qf6 13.Be3 Bxe3 14.Rxe3 Ne5 15.Qd2 Be6
16.b3 Rad8 17.Rd1 Qh4 18.h3 f6 19.Ne2 b6 20.f4 Nf7 21.Qc3 Rde8 22.a4 Bd7
23.a5 c5 24.axb6 axb6 25.Ra1 Ra8 26.Qb2 Rfe8 27.Rxa8 Rxa8 28.g3 Qh6 29.Nc3 Bc6
30.h4 g5 31.Qf2 gxf4 32.gxf4 Kh8 33.Bh3 Qh5 34.Kh2 Nh6 35.Rg3 Rg8 36.Rxg8+ Kxg8
37.Be6+ Kf8 38.Qg3 Ke7 39.Bh3 Kf7 40.Bc8 f5 41.Qg5 Qf3 42.Be6+ Ke8 43.Qxh6 Qf2+
44.Kh3 Qf3+ 45.Kh2 Qf2+  1/2-1/2